| 000 | 00633nam a2200169 i 4500 | ||
|---|---|---|---|
| 001 | 160853 | ||
| 003 | ES-MaACL | ||
| 005 | 20230906212135.0 | ||
| 008 | 041001s1871 sp |||| | spa d | ||
| 080 | _a327.323.1 | ||
| 100 | 1 |
_aObeso Quevedo, Juan de. _9130581 |
|
| 245 | 1 | 3 |
_aLa Internacional a la luz de la verdad / _cpor Juan de Obeso Quevedo. |
| 260 |
_aSantander : _b[s.n.], _c1871 ( _fImp. de B. Rueda) |
||
| 300 |
_a69, [2] p. ; _c21 cm. |
||
| 610 | 2 | 4 |
_aAsociación Internacional de los Trabajadores (1864-1876) _9171768 |
| 852 | 4 |
_aES-MaACL _jT-122-F-8 _z- Enc. hol., falto de cub. original _z- Enc. en un vol. facticio |
|
| 999 |
_c160853 _d160853 |
||